1455 1835 1509 1292 1484 1519 1391 1277 1288 1056 1290 1460 1419 1839 1291 1526 1872 1516 1174 1732 1905 1778 1257 1896 1663 1373 1835 1134 1715 1980 1505 1752 1866 1757 1076 1698 1740 1276 1531 1542 1124 1147 1748 1213 1254 1467 1698 1136 1486 1603 1382 1543 1777 1120 1992 1501 1577 1075 1930 1787 1480 1945 1472 1741 1975 1520 1645 1479 1882 1730 1261 1990 1880 1162 1353 1994 1202 1010 1018 1633 1095 1349 1216 1163 1428 1972 1123 1527 1025 1812 1638 1211 1744 1515 1974 1755 1302 1811 1933 BCNSPRNW ULIB Ver.6.0+V

เปลี่ยนเป็นภาษาไทย

Change to English
 แสดงรายละเอียดบรรณานุกรม
  กลับหน้าหลัก

Brief Record : Get Marc (ISO 2709) : E-mail record : QR code < ปิดหน้าต่าง
LEADER : 00000nam 2200000uu 4500
001    13399127402
003     ULIB
008    200519s2019||||th 000 0 tha d
020    ^a9781506256375 (pbk.)
050  4 ^aPE1128^bL887Bi
100 1  ^aLougheed, Lin,^d1946-
245 10 ^aBarron s IELTS :^binternational English Language TestingSystem /^cLin Lougheed
246 30 ^aIELTS :^bInternational English Language Testing System
246 30 ^aInternational English Language Testing System
250    ^a5th ed.
260    ^aHauppauge, N.Y. :^bKaplan/Barron s Educational Series,^c2019
300    ^avi, 529 p. :^bill. ;^c28 cm.
505 0  ^aIntroduction -- Preparing for IELTS -- Listening module --Reading module -- Wriiting module -- Speaking module --IELTS model tests -- Audioscripts
650  0 ^aInternational English Language Testing System^vStudyguides
650  0 ^aEnglish language^vTextbooks for foreign speakers
650  0 ^aEnglish language^xExaminations^vStudy guides
653    ^aIELTS
945    ^p623^l0^i007073
999    ^aประนอม เกษจรัล
รายการนี้ยังไม่มีแท็ก
คุณยังไม่ได้ล็อกอิน คุณสามารถมีกิจกรรมร่วมกับเว็บไซต์ได้ แต่ต้องล็อกอินก่อน ::
  ล็อกอิน

รายการสื่อสารสนเทศ

ลำดับที่ ประเภท เลขเรียก/บาร์โค้ด สถานที่ สถานะ
1. การศึกษาทั่วไป
หนังสือสำรอง
สถานะ=หนังสือสำรอง
PE1128 L887Bi ฉ.1 
  Barcode: 007073
ห้องสมุดวิทยาเขตสวรรค์ประชารักษ์
►หนังสือทั่วไป
บนชั้น

BibComment


ยังไม่เคยถูกคอมเมนท์

คอมเมนท์ทรัพยากรรายการนี้
  คอมเมนท์: Barron s IELTS ..


 Copyright 2026. Bcnsprnw @Library